[Event "BUL-ch"]
[Site "?"]
[Date "1975.??.??"]
[Round "1"]
[White "Antonov, Vladimir"]
[Black "Radev, Nikolai"]
[Result "0-1"]
[WhiteElo "2265"]
[BlackElo "2405"]

1.e4 c5 2.Nc3 e6 3.Nf3 Nc6 4.d4 cxd4 5.Nxd4 a6 6.g3 Nge7 7.Nb3 d6 8.Bg2 Bd7
9.O-O Nc8 10.Be3 Be7 11.f4 O-O 12.Qe1 Qc7 13.Rd1 Nb6 14.g4 Nc4 15.Bc1 Rfe8
16.Qg3 b5 17.Kh1 Rab8 18.g5 a5 19.Ne2 Nb4 20.a3 Na2 21.Bd2 b4 22.axb4 Nxb4
23.Qc3 Na2 24.Qg3 a4 25.Nbc1 Rxb2 26.Nxa2 Rxa2 27.Bc3 Rxc2 28.Nd4 Ra2 29.Rc1 Qc5
30.Rf3 Bc8 31.Qh4 Bb7 32.Rh3 h6 33.Qg4 Rxg2 34.Qxg2 hxg5 35.Rb1 Ba8 36.Re1 Bf6
37.Nc2 Bxc3 38.Rxc3 gxf4 39.Na3 Qb4 40.Nb1 Ne3  0-1

[Event "URS-ch otbor"]
[Site "Cheliabinsk"]
[Date "1975.??.??"]
[Round "?"]
[White "Kapengut, Albert Z"]
[Black "Vladimirov, Evgeny"]
[Result "1-0"]
[WhiteElo "2460"]
[BlackElo "2450"]

1.e4 c5 2.Nf3 e6 3.d4 cxd4 4.Nxd4 Nc6 5.Nc3 Qc7 6.Be2 a6 7.O-O Nf6 8.Be3 Bb4
9.Na4 O-O 10.Nxc6 bxc6 11.f4 Be7 12.Bd3 c5 13.c4 d6 14.g4 Bb7 15.Nc3 d5 16.exd5 exd5
17.cxd5 c4 18.g5 cxd3 19.gxf6 Bxf6 20.Qxd3 Rad8 21.Rac1 Qd7 22.Bb6 Rc8 23.Rcd1 Qd6
24.Bd4 Rfd8 25.Rf2 Bxd4 26.Qxd4 Rc7 27.Rg2 f5 28.h4 Rcd7 29.Rg5 Bxd5 30.Rxf5 Be6
31.Qxd6 Rxd6 32.Rxd6 Rxd6 33.Ra5 Bc4 34.b3 Rd3 35.Ne4 Rd4 36.Nc5 Bd5 37.Ra4 Rxa4
38.Nxa4 Be4 39.Nc5 Bb1 40.a3 a5 41.Nb7 a4 42.b4 Bd3 43.Kf2 Kf8 44.Ke3 Ba6
45.Nd6  1-0

[Event "Dortmund"]
[Site "Dortmund"]
[Date "1975.??.??"]
[Round "6"]
[White "Ornstein, Axel"]
[Black "Langeweg, Kick"]
[Result "0-1"]
[WhiteElo "2430"]
[BlackElo "2410"]

1.e4 c5 2.Nf3 e6 3.d4 cxd4 4.Nxd4 Nc6 5.Nc3 a6 6.Be3 Nf6 7.Be2 d6 8.O-O Be7
9.f4 O-O 10.Qe1 Bd7 11.Qg3 Nxd4 12.Bxd4 Bc6 13.Bd3 b5 14.a3 Qd7 15.Rae1 a5
16.Nd1 Rfe8 17.Nf2 b4 18.axb4 axb4 19.c3 g6 20.cxb4 Rab8 21.f5 Nh5 22.Qe3 exf5
23.Bc4 d5 24.exd5 Bxd5 25.Qe5 Bf6 26.Qxd5 Qxd5 27.Bxd5 Bxd4 28.Rd1 Rxb4 29.Kh1 Nf6
30.Nd3 Rb6 31.Bf3 Bxb2 32.Rb1 Bd4 33.Rxb6 Bxb6 34.g3 h5 35.Kg2 Rd8 36.Rd1 Ng4
37.Bxg4 fxg4 38.Nf2 Rxd1 39.Nxd1 Bd4  0-1

[Event "SVK-ch"]
[Site "Hlohovec"]
[Date "1975.??.??"]
[Round "5"]
[White "Petrik, Stanislav"]
[Black "Plachetka, Jan"]
[Result "0-1"]
[WhiteElo "2200"]
[BlackElo "2430"]

1.e4 c5 2.Nf3 e6 3.d4 cxd4 4.Nxd4 Nc6 5.Nc3 d6 6.Be2 Nf6 7.O-O Be7 8.Be3 O-O
9.f4 Bd7 10.Nb3 a5 11.a4 Nb4 12.e5 Ne8 13.Ne4 Bc6 14.Nxd6 Nxd6 15.exd6 Qxd6
16.Bd4 Be4 17.Rc1 Qd5 18.Bf3 Rfd8 19.c3 Nc6 20.Bxe4 Qxe4 21.Qf3 Qxf3 22.Rxf3 Rd5
23.Kf1 b5 24.Bf2 bxa4 25.Nd4 Nxd4 26.Bxd4 Rb8 27.Rf2 h5 28.Ra1 a3 29.bxa3 a4
30.Raa2 Rb3 31.Rfc2 Rdb5 32.Rd2 Bxa3 33.c4 Ra5 34.c5 Bc1 35.Rf2 Rd3 36.Be5 Rxc5
37.Rxa4 f6 38.Bb8 Rb5 39.Ba7 Rb1 40.Rfa2 Rd1+ 41.Ke2 Rh1 42.h3 Bb2 43.Rc4 Rhe1+
44.Kf2 Rf1+ 45.Kg3 e5 46.Kh4 exf4 47.Rb4 Be5 48.Rxb1 Rxb1 49.Kxh5 Kh7 50.Kg4 Kg6
51.Ra3 Rf1 52.Ra6 Kh6 53.Kf5 Re1 54.Kg4 Rf1 55.Kf5 f3 56.g4 Re1 57.g5+ Kh5
58.gxf6 Bxf6 59.Bf2 Re2 60.Ra8 Bg5  0-1

[Event "HUN-ch"]
[Site "?"]
[Date "1975.??.??"]
[Round "?"]
[White "Perecz, Laszlo"]
[Black "Ribli, Zoltan"]
[Result "0-1"]
[WhiteElo "2200"]
[BlackElo "2520"]

1.e4 c5 2.Nf3 e6 3.d4 cxd4 4.Nxd4 Nc6 5.Nc3 Qc7 6.Be3 a6 7.Bd3 b5 8.O-O Bb7
9.Nb3 Ne5 10.f4 Nc4 11.Bxc4 bxc4 12.Nd2 Nf6 13.Qe2 Rc8 14.Rae1 Be7 15.Bd4 O-O
16.Na4 d5 17.e5 Ne4 18.f5 exf5 19.Rxf5 Qd7 20.e6 Qxa4 21.exf7+ Rxf7 22.Rxf7 Kxf7
23.Nxe4 dxe4 24.Rf1+ Bf6 25.Qg4 Qc6 26.Bxf6 gxf6 27.Qh5+ Kg7  0-1

[Event "HUN-ch"]
[Site "?"]
[Date "1975.??.??"]
[Round "?"]
[White "Geszosz, P."]
[Black "Portisch, Lajos"]
[Result "0-1"]
[WhiteElo "2365"]
[BlackElo "2635"]

1.e4 c5 2.Nf3 Nc6 3.d4 cxd4 4.Nxd4 e6 5.Nc3 a6 6.Be2 Qc7 7.O-O b5 8.Be3 Bb7
9.a3 Nf6 10.f4 Bc5 11.Kh1 Qb6 12.Nxc6 Bxe3 13.Ne5 Bd4 14.Bd3 d6 15.Nf3 Bxc3
16.bxc3 Bxe4 17.a4 O-O 18.Rb1 Qc5 19.axb5 axb5 20.Rb4 d5 21.Ne5 Rab8 22.Qb1 Qxc3
23.Rxb5 Rxb5 24.Qxb5 Qd2  0-1

[Event "HUN-ch"]
[Site "?"]
[Date "1975.??.??"]
[Round "?"]
[White "Lengyel, Bela"]
[Black "Flesch, Janos"]
[Result "1/2-1/2"]
[WhiteElo "2200"]
[BlackElo "2385"]

1.e4 c5 2.Nf3 e6 3.d4 cxd4 4.Nxd4 Nc6 5.Nc3 a6 6.f4 Qc7 7.Nb3 b5 8.Be3 d6
9.Be2 Nf6 10.Bf3 Bb7 11.O-O Be7 12.Qd2 O-O 13.Rfd1 Rac8 14.Qf2 Nd7 15.Rd2 Na5
16.Nxa5 Qxa5 17.Ne2 Nc5 18.Ng3 Bh4 19.a3 Qc7 20.e5 d5  1/2-1/2

[Event "HUN-ch"]
[Site "?"]
[Date "1975.??.??"]
[Round "?"]
[White "Tompa, Janos"]
[Black "Barczay, Laszlo"]
[Result "0-1"]
[WhiteElo "2415"]
[BlackElo "2445"]

1.e4 c5 2.Nf3 e6 3.d4 cxd4 4.Nxd4 Nc6 5.Nc3 a6 6.Be2 Nge7 7.Nb3 Ng6 8.O-O Qc7
9.f4 Be7 10.Be3 O-O 11.Kh1 d6 12.a4 b6 13.Qe1 Nb4 14.Rc1 Bf6 15.Nd4 Bxd4
16.Bxd4 e5 17.fxe5 dxe5 18.Be3 Be6 19.Qg3 Rad8 20.Qf2 Rb8 21.Qg3 Rfd8 22.h4 Nf4
23.Rxf4 exf4 24.Bxf4 Qb7 25.Bxb8 Rxb8 26.Qd6 a5 27.Rd1 h6 28.Rd2 Rc8 29.Nd5 Nxd5
30.exd5 Bd7 31.Qf4 Re8 32.Kh2 Qc8 33.Bh5 g6 34.Bf3 Qc5 35.d6 Kg7 36.Be2 g5
37.Qg3 Re3 38.Bf3 g4 39.Rd3 Rxd3 40.cxd3 Qd4 41.Kh1 f5 42.Bb7 f4 43.Qe1 Qxd6
44.Qe4 g3 45.Bd5 Qf6 46.h5 Bg4 47.Kg1 Bxh5 48.Kf1 Bg6 49.Qe2 h5 50.Be4 Bf7
51.Qd2 h4 52.Qc1 Kh6 53.Qc7 Kg5 54.Qd7 Be6 55.Qh7 Bf7 56.d4 Bc4+ 57.Ke1 Bf7
58.d5 f3 59.Bxf3 Qe5+ 60.Kd1 Bg6 61.Qd7 Bf5 62.Qd8+ Qf6 63.Qg8+ Bg6 64.Qc8 Qd4+
65.Kc1 Qf4+ 66.Kd1 Qxa4+ 67.Ke1 Qb4+ 68.Kd1 Qd4+ 69.Ke1 Qb4+ 70.Kd1 Qd4+
71.Ke1 Bf5 72.Qc1+ Qf4 73.Qc3 Qb4 74.Qxb4 axb4 75.d6 Bd7 76.Bb7 Kf4 77.Kd2 Ke5
78.Ke3 Kxd6 79.Kf4 Kc5 80.Ba6 Kd4 81.Bf1 Bc6 82.Kg4 Ke3  0-1

[Event "HUN-ch"]
[Site "?"]
[Date "1975.??.??"]
[Round "?"]
[White "Perecz, Laszlo"]
[Black "Tompa, Janos"]
[Result "1/2-1/2"]
[WhiteElo "2200"]
[BlackElo "2415"]

1.e4 c5 2.Nf3 e6 3.d4 cxd4 4.Nxd4 Nc6 5.Nc3 Qc7 6.Be3 a6 7.Bd3 Nf6 8.O-O Ne5
9.h3 Bc5 10.Qe2 b5 11.f4 Nxd3 12.cxd3 d6 13.Rac1 Qd7 14.Nb3 Bxe3+ 15.Qxe3 O-O
16.Ne2 Bb7 17.Qb6 Rfb8 18.Rc7 Qd8 19.Qa5 Ne8 20.Rc2 Qd7 21.Rfc1 Rc8  1/2-1/2

[Event "Las Palmas"]
[Site "Las Palmas"]
[Date "1975.??.??"]
[Round "15"]
[White "Fernandez, A."]
[Black "Tal, Mihail"]
[Result "0-1"]
[WhiteElo "2300"]
[BlackElo "2645"]

1.e4 c5 2.Nf3 e6 3.d4 cxd4 4.Nxd4 Nc6 5.Nc3 a6 6.g3 Nge7 7.Bg2 Nxd4 8.Qxd4 Nc6
9.Qd1 Be7 10.O-O d6 11.b3 O-O 12.Bb2 Bd7 13.Qg4 Bf6 14.f4 Qa5 15.Na4 Bxb2
16.Nxb2 Qc3 17.Na4 Qe3+ 18.Kh1 b5 19.Rae1 Qa7 20.Nb2 Qd4 21.Nd3 Rac8 22.Rd1 Rc7
23.Qh5 Ne7 24.c4 bxc4 25.Qa5 Qa7 26.Nb2 cxb3 27.axb3 Bb5 28.Rf2 Qxf2 29.Qxc7 Qxb2
30.Qxe7 Be2 31.Rg1 Qxb3 32.Qxd6 Rc8 33.f5 exf5 34.exf5 Bf3 35.Qf4 Bxg2+ 36.Kxg2 Rc2+
37.Kh3 Qb2 38.Rh1 Qb7 39.Qa4 Qg2+ 40.Kh4 Re2 41.Qd1 Re4+ 42.g4 Qf2+  0-1

[Event "Lone Pine"]
[Site "Lone Pine"]
[Date "1975.??.??"]
[Round "2"]
[White "Karklins, Andrew"]
[Black "Liberzon, Vladimir M"]
[Result "0-1"]
[WhiteElo "2395"]
[BlackElo "2485"]

1.e4 c5 2.Nf3 e6 3.d4 cxd4 4.Nxd4 Nc6 5.Nc3 d6 6.Be3 Nf6 7.Be2 Be7 8.O-O Bd7
9.f4 Nxd4 10.Bxd4 Bc6 11.Bd3 O-O 12.Qf3 Nd7 13.Nd5 exd5 14.exd5 Ba4 15.b3 Bf6
16.Bxf6 Nxf6 17.bxa4 Qa5 18.c4 Rfe8 19.Kh1 Re7 20.g4 Rae8 21.g5 Re3 22.Qd1 Nd7
23.Qc2 g6 24.Rad1 Qd8 25.Kg2 Nc5 26.Rf2 Qd7 27.Bf1 Ne4 28.a5 Qg4+  0-1

[Event "Lone Pine"]
[Site "Lone Pine"]
[Date "1975.??.??"]
[Round "4"]
[White "Weinstein, Norman"]
[Black "Damjanovic, Mato"]
[Result "1/2-1/2"]
[WhiteElo "2465"]
[BlackElo "2455"]

1.e4 c5 2.Nf3 e6 3.d4 cxd4 4.Nxd4 Nc6 5.Nc3 Qc7 6.Be2 a6 7.O-O Nf6 8.Be3 d6
9.f4 Bd7 10.Kh1 b5 11.a3 Nxd4 12.Bxd4 Bc6 13.Bd3 Qb7 14.Qe1 Be7 15.Qg3 g6
16.Rae1 Rd8 17.Qh3 h5 18.Re2 Kf8 19.Bxf6 Bxf6 20.e5 Bg7 21.Ne4 Bxe4 22.Bxe4 Qe7
23.Qe3 Qc7 24.Rd2  1/2-1/2

[Event "Lone Pine"]
[Site "Lone Pine"]
[Date "1975.??.??"]
[Round "8"]
[White "Levy, David Neil Lawrence"]
[Black "Vranesic, Zvonko"]
[Result "0-1"]
[WhiteElo "2325"]
[BlackElo "2430"]

1.e4 c5 2.Nf3 e6 3.d4 cxd4 4.Nxd4 Nc6 5.Nc3 d6 6.Bc4 Nf6 7.Be3 Be7 8.Qe2 a6
9.Bb3 O-O 10.O-O-O Qc7 11.Kb1 Nxd4 12.Bxd4 b5 13.e5 dxe5 14.Bxe5 Qc6 15.f3 Bb7
16.Rd4 Rfd8 17.Rhd1 Rxd4 18.Rxd4 Rd8 19.Rxd8+ Bxd8 20.Qd3 Be7 21.Qd4 Qc5
22.Ne2 Qxd4 23.Bxd4 Bd6 24.h3 e5 25.Be3 e4 26.f4 Nd5 27.Bxd5 Bxd5 28.b3 f5
29.Kb2 Kf7 30.Kc3 g6 31.Kd4 Ke6 32.Kc3 Bb7 33.Nd4+ Kd5 34.b4 Bc8 35.h4 Be7
36.g3 Bf6 37.a3 Be6 38.Bg1 h6 39.Be3 Bf7 40.Bg1 g5 41.hxg5 hxg5 42.fxg5 Be5
43.Bf2 Bg6 44.Be3 Bxg3 45.Ne2 Be5+ 46.Kb3 Bh5  0-1

[Event "Manila"]
[Site "Manila"]
[Date "1975.??.??"]
[Round "4"]
[White "Torre, Eugenio"]
[Black "Mecking, Henrique"]
[Result "1/2-1/2"]
[WhiteElo "2515"]
[BlackElo "2610"]

1.e4 c5 2.Nf3 Nc6 3.d4 cxd4 4.Nxd4 e6 5.Nc3 d6 6.Be2 Nf6 7.Be3 a6 8.O-O Be7
9.f4 Bd7 10.Qe1 O-O 11.Qg3 Qc7 12.Kh1 b5 13.a3 b4 14.axb4 Nxb4 15.e5 Nfd5
16.Nxd5 Nxd5 17.Bg1 a5 18.Bf3 dxe5 19.fxe5 Rab8 20.Bxd5 exd5 21.b3 Bb4 22.Rf3 Rbe8
23.c3 Bc5 24.Raf1 Qxe5 25.Qxe5 Rxe5 26.Nc6 Bxc6 27.Bxc5  1/2-1/2

[Event "FRG-ch International"]
[Site "Mannheim"]
[Date "1975.??.??"]
[Round "1"]
[White "Parma, Bruno"]
[Black "Kestler, Hans Guenther"]
[Result "1/2-1/2"]
[WhiteElo "2510"]
[BlackElo "2430"]

1.e4 c5 2.Nf3 e6 3.d4 cxd4 4.Nxd4 Nc6 5.Nc3 d6 6.Be3 Nf6 7.Be2 Be7 8.O-O O-O
9.f4 Qc7 10.Ndb5 Qb8 11.a4 b6 12.f5 Bd7 13.Kh1 a6 14.Na3 Qc7 15.fxe6 fxe6
16.Nc4 Rab8 17.Bf4 e5 18.Bg5 Nb4 19.Bxf6 Rxf6 20.Rxf6 gxf6 21.Ne3 Be6 22.Bg4 Bf7
23.Ncd5 Nxd5 24.Nxd5 Bxd5 25.Qxd5+ Kh8 26.Bf5 Bf8 27.c4 Bg7 28.Rd1 Bf8 29.b4 a5
30.b5 Rb7 31.Rd3 Qb8 32.Rg3 Bg7 33.Rh3 Bf8 34.Rg3 Bg7 35.Kg1 Ra7 36.Qc6 Qd8
37.Rd3 Bf8 38.c5 bxc5 39.b6 Rg7 40.b7 c4 41.Rc3  1/2-1/2

[Event "FRG-ch International"]
[Site "Mannheim"]
[Date "1975.??.??"]
[Round "13"]
[White "Mednis, Edmar John"]
[Black "Pachman, Ludek"]
[Result "1/2-1/2"]
[WhiteElo "2455"]
[BlackElo "2510"]

1.e4 c5 2.Nf3 e6 3.d4 cxd4 4.Nxd4 Nc6 5.Nc3 a6 6.Nxc6 bxc6 7.e5 Ne7 8.Bd3 Ng6
9.f4 d5 10.exd6 Bxd6 11.O-O f5 12.Ne2 O-O 13.Bc4 Kh8 14.Be3 e5 15.Kh1 exf4
16.Nxf4 Ne5 17.Be2 Qe7  1/2-1/2

[Event "Pula zt"]
[Site "Pula"]
[Date "1975.??.??"]
[Round "?"]
[White "Urzica, Aurel"]
[Black "Padevsky, Nikola"]
[Result "0-1"]
[WhiteElo "2250"]
[BlackElo "2480"]

1.e4 c5 2.Nf3 e6 3.d4 cxd4 4.Nxd4 Nc6 5.Nc3 Qc7 6.Be2 Nf6 7.O-O Be7 8.Be3 O-O
9.f4 d6 10.Kh1 a6 11.Qe1 Bd7 12.Qg3 Kh8 13.Nf3 Nb4 14.Bd3 Nh5 15.Qh3 Nxf4
16.Bxf4 e5 17.Qg3 exf4 18.Qxf4 Be6 19.a3 Nxd3 20.cxd3 Qb6 21.Qd2 Rac8 22.d4 h6
23.d5 Bg4 24.h3 Bh5 25.Nd4 Bg5 26.Na4 Qc7 27.Qf2 Rfe8 28.Nc3 Bf6 29.Nf5 Be5
30.Rac1 Qd8 31.Qe3 Kh7 32.b4 Qg5 33.Qd3 b5 34.Rc2 Rc4 35.Nd1 Rec8 36.Rcf2 Rc1
37.g4 Bg6 38.Qf3 Bxf5 39.exf5 R8c4 40.Kg2 h5 41.Ne3  0-1

[Event "Quito"]
[Site "Quito"]
[Date "1975.??.??"]
[Round "3"]
[White "Yepez, Olavo"]
[Black "Rodriguez Gonzales, Jesus"]
[Result "1-0"]
[WhiteElo "2370"]
[BlackElo "2390"]

1.e4 c5 2.Nf3 e6 3.d4 cxd4 4.Nxd4 Nc6 5.Nc3 d6 6.Bc4 Nf6 7.Bb3 Be7 8.Be3 O-O
9.Qe2 a6 10.O-O-O Qc7 11.g4 Na5 12.Kb1 Nxb3 13.cxb3 d5 14.Rc1 Qa5 15.e5 Ne4
16.f4 Bd7 17.Nxe4 dxe4 18.Qg2 Qd5 19.Rhd1 Rac8 20.Nc2 Qb5 21.a4 Qxb3 22.Rxd7 Rc4
23.Na1 Rxc1+ 24.Bxc1 Qf3 25.Qd2 Bh4 26.g5 h5 27.Rd8 Rxd8 28.Qxd8+ Kh7 29.g6+  1-0

[Event "Quito"]
[Site "Quito"]
[Date "1975.??.??"]
[Round "6"]
[White "Castro, G."]
[Black "Verduga, Denis Homero"]
[Result "0-1"]
[WhiteElo "2200"]
[BlackElo "2250"]

1.e4 c5 2.Nf3 e6 3.d4 cxd4 4.Nxd4 Nc6 5.Nc3 a6 6.Be3 Qc7 7.a4 Nf6 8.Be2 Bb4
9.f3 Ne5 10.O-O Bxc3 11.bxc3 d5 12.Bf4 dxe4 13.fxe4 O-O 14.Qe1 Qc5 15.Qg3 Nxe4
16.Qe3 f5 17.Kh1 Ng6 18.Bd3 e5 19.Bxe4 exf4 20.Qf3 fxe4 21.Qxe4 Bg4 22.h3 Rae8
23.Qxb7 Be2 24.Nxe2 Rxe2 25.Qxa6 Qe5 26.Qc4+ Kh8 27.a5 f3 28.Rg1 Qg3 29.Qg4 fxg2+
30.Rxg2 Rxg2  0-1

[Event "URS-chT"]
[Site "Riga"]
[Date "1975.??.??"]
[Round "?"]
[White "Kapengut, Albert Z"]
[Black "Popov, N."]
[Result "1/2-1/2"]
[WhiteElo "2460"]
[BlackElo "2400"]

1.e4 c5 2.Nf3 e6 3.d4 cxd4 4.Nxd4 Nc6 5.Nc3 d6 6.Be3 Nf6 7.Be2 Be7 8.O-O O-O
9.f4 Qc7 10.Qe1 Nxd4 11.Bxd4 e5 12.Be3 exf4 13.Rxf4 Be6 14.Rd1 a6 15.Qg3 Nd7
16.Rd2 Ne5 17.Nd5 Bxd5 18.exd5 Qd8 19.Rb4 b5 20.a4 bxa4 21.Rxa4 a5 22.Bb5 Rb8
23.c4 Bh4 24.Qh3 Be1 25.Re2 Bb4 26.Bd4 f6 27.b3 Qc7 28.Ra1 Rf7 29.Kh1 Rbf8
30.Qe3 Rb8 31.h3 Re7 32.Qg3 Rf8 33.Rf1 Ref7 34.Qe3 Rb8 35.Ref2 Re7 36.Qg3 Ng6
37.Qg4 Bc5 38.Ra2 Ne5 39.Qd1 Bb4 40.Re2 Rf8 41.Qc2 Ref7 42.Rd1  1/2-1/2

[Event "URS-chT"]
[Site "Riga"]
[Date "1975.??.??"]
[Round "?"]
[White "Begun, Sergei M"]
[Black "Sveshnikov, Evgeny"]
[Result "0-1"]
[WhiteElo "2200"]
[BlackElo "2480"]

1.e4 c5 2.Nf3 Nc6 3.d4 cxd4 4.Nxd4 e6 5.Nc3 a6 6.g3 d6 7.Bg2 Bd7 8.O-O Nf6
9.a4 Be7 10.Nxc6 Bxc6 11.a5 O-O 12.Be3 Nd7 13.Na4 Rc8 14.c4 f5 15.Nb6 Nxb6
16.Bxb6 Qd7 17.Qd3 Bf6 18.Rab1 Bd8 19.Bxd8 fxe4 20.Bxe4 Bxe4 21.Qxe4 d5 22.cxd5 exd5
23.Qe7 Rfxd8 24.Qxd7 Rxd7 25.Rbc1 Rc4 26.Rxc4 dxc4 27.Rc1 Rd4 28.Kf1 Kf7
29.Ke2 Kf6 30.Rc3 Rd5 31.Rxc4 Rxa5 32.Kd3 Rf5 33.f4 Rh5 34.Rc7 Rxh2 35.Rxb7 Rg2
36.Ke4 Rxg3 37.Rb6+ Kf7 38.Rxa6 Rb3 39.Kf5 g6+ 40.Kg4 h5+ 41.Kh4 Rf3 42.Kg5 Rg3+
43.Kh4 Rg4+ 44.Kh3 Rxf4 45.Rb6 Kg7 46.b4 Kh6 47.Rb8 Kg5 48.b5 Rb4 49.b6 Rb3+
50.Kg2 Kg4 51.b7 Rb2+ 52.Kf1 g5  0-1

[Event "URS-chT"]
[Site "Riga"]
[Date "1975.??.??"]
[Round "?"]
[White "Kapengut, Albert Z"]
[Black "Ruderfer, Mark B"]
[Result "1-0"]
[WhiteElo "2460"]
[BlackElo "2410"]

1.e4 c5 2.Nf3 e6 3.d4 cxd4 4.Nxd4 Nc6 5.Nc3 a6 6.Be2 Qc7 7.O-O Nf6 8.Be3 Bb4
9.Na4 Ne7 10.c4 Nxe4 11.Qc2 Nf6 12.Nf3 Ned5 13.Bd4 Be7 14.Rac1 Nf4 15.Nb6 Rb8
16.c5 d6 17.Nc4 Ng6 18.cxd6 Bxd6 19.Bb6 Bxh2+ 20.Nxh2 Qd7 21.Ba7  1-0

[Event "URS-chT"]
[Site "Riga"]
[Date "1975.??.??"]
[Round "?"]
[White "Kausilaite, Vilhelmina"]
[Black "Golovey, Tamara O"]
[Result "1-0"]
[WhiteElo "2000"]
[BlackElo "2000"]

1.e4 c5 2.Nf3 e6 3.d4 cxd4 4.Nxd4 Nc6 5.Nc3 d6 6.Be3 Nf6 7.f3 Be7 8.Qd2 a6
9.O-O-O d5 10.exd5 Nxd5 11.Nxd5 Qxd5 12.Nxc6 Qxc6 13.Bd3 O-O 14.Qa5 Bd7 15.Be4 Qc8
16.Qb6 Bc6 17.Bxc6 bxc6 18.Bf4 Bd8 19.Qb3 Bc7 20.Qc4 Rb8 21.Bxc7 Qxc7 22.Rd2 Qb6
23.Qc3 Rfd8 24.Rhd1 Rxd2 25.Rxd2 Qg1+ 26.Rd1 Qb6 27.b3 a5 28.Qd4 h6 29.Qxb6 Rxb6
30.Rd8+ Kh7 31.a4 Ra6 32.Kd2 Kg6 33.Kd3 Kf6 34.Kc4 Ke7 35.Rg8 g6 36.Kc5 Ra7
37.Kxc6 Rd7 38.c4 Rd2 39.g4 Rxh2 40.c5 Rf2 41.Rb8  1-0

[Event "URS-chT"]
[Site "Riga"]
[Date "1975.??.??"]
[Round "?"]
[White "Tukmakov, Vladimir B"]
[Black "Klovsky, Rafail"]
[Result "1-0"]
[WhiteElo "2570"]
[BlackElo "2200"]

1.e4 c5 2.Nf3 e6 3.d4 cxd4 4.Nxd4 Nc6 5.Nc3 d6 6.Be2 Nxd4 7.Qxd4 Ne7 8.Bg5 Nc6
9.Qd2 Qc7 10.Nb5 Qb8 11.O-O-O h6 12.Bh4 e5 13.Bc4 Be6 14.Bxe6 fxe6 15.Nxd6+ Bxd6
16.Qxd6 Qxd6 17.Rxd6 g5 18.Bg3 Ke7 19.Rhd1 Rhd8 20.Rxd8 Rxd8 21.Rxd8 Kxd8
22.f3 Ke7 23.Bf2 Kd6 24.Be3 a6 25.h4 gxh4 26.Bxh6 Nd4 27.Be3  1-0

[Event "Szolnok"]
[Site "Szolnok"]
[Date "1975.??.??"]
[Round "13"]
[White "Dely, Peter"]
[Black "Liebert, Heinz"]
[Result "1/2-1/2"]
[WhiteElo "2445"]
[BlackElo "2450"]

1.e4 c5 2.Nf3 Nc6 3.d4 cxd4 4.Nxd4 e6 5.Nc3 a6 6.Be2 Qc7 7.O-O Nf6 8.Be3 Be7
9.f4 d6 10.Qe1 O-O 11.Qg3 Nxd4 12.Bxd4 b5 13.a3 Bb7 14.Kh1 Rfd8 15.Be3 Nd7
16.Qf2 Rf8 17.Rad1  1/2-1/2

[Event "Szolnok"]
[Site "Szolnok"]
[Date "1975.??.??"]
[Round "15"]
[White "Mednis, Edmar John"]
[Black "Hernandez, Roman"]
[Result "1/2-1/2"]
[WhiteElo "2455"]
[BlackElo "2395"]

1.e4 c5 2.Nf3 Nc6 3.d4 cxd4 4.Nxd4 e6 5.Nc3 Qc7 6.g3 a6 7.Bg2 Nge7 8.Nb3 Ng6
9.O-O Be7 10.Be3 O-O 11.a4 b6 12.Qe2 Na5 13.Nxa5 bxa5 14.Rfc1 Bb7 15.Nb1 f5
16.Nd2 f4 17.Bd4 e5 18.Bc3  1/2-1/2

[Event "Vilnius zt"]
[Site "Vilnius"]
[Date "1975.??.??"]
[Round "7"]
[White "Romanishin, Oleg M"]
[Black "Taimanov, Mark E"]
[Result "0-1"]
[WhiteElo "2480"]
[BlackElo "2575"]

1.e4 c5 2.Nf3 e6 3.d4 cxd4 4.Nxd4 Nc6 5.Nc3 a6 6.g3 Nf6 7.Bg2 Qc7 8.O-O h6
9.a4 Nxd4 10.Qxd4 Bc5 11.Qd3 O-O 12.a5 d6 13.Na4 Qxa5 14.Bd2 Qc7 15.Nxc5 dxc5
16.Qc3 Nd7 17.f4 b5 18.f5 Bb7 19.Rad1 b4 20.Qb3 e5 21.g4 a5 22.Qg3 f6 23.h4 c4
24.Rfe1 Ra6 25.Bf1 Rd6 26.g5 fxg5 27.hxg5 hxg5 28.Bxg5 Rxd1 29.Rxd1 Nf6 30.Bxf6 Rxf6
31.Qe3 Kh7 32.Rd2 Rh6 33.Rh2 Rxh2 34.Kxh2 Qc6 35.Qe2 Qh6+ 36.Kg1 c3 37.b3 Kh8
38.Bg2 Ba6 39.Qe1 Qg5 40.Qd1 Qe3+ 41.Kh1 Qd2 42.Qg4 Be2  0-1

[Event "Vilnius zt"]
[Site "Vilnius"]
[Date "1975.??.??"]
[Round "11"]
[White "Gufeld, Eduard"]
[Black "Vasiukov, Evgeni"]
[Result "1-0"]
[WhiteElo "2535"]
[BlackElo "2560"]

1.e4 c5 2.Nf3 e6 3.d4 cxd4 4.Nxd4 Nc6 5.Nc3 a6 6.Be2 Qc7 7.O-O Nf6 8.Be3 Bb4
9.Na4 Be7 10.Nxc6 bxc6 11.Nb6 Rb8 12.Nxc8 Qxc8 13.e5 Nd5 14.Bc1 Bc5 15.c4 Ne7
16.b3 Qc7 17.Bb2 d6 18.exd6 Bxd6 19.g3 Be5 20.Bxe5 Qxe5 21.Bf3 Rd8 22.Qe1 Qf5
23.Be4 Qc5 24.Qc3 Rd4 25.Rad1 e5 26.Rxd4 exd4 27.Qd3 f5 28.Bg2 O-O 29.f4 Rd8
30.Re1 Qb4 31.Re5 Qc3 32.Qxc3 dxc3 33.Re2 Rd1+ 34.Kf2 Kf7 35.Rc2 Kf6 36.Ke2 Rg1
37.Kd3 c5 38.Kxc3 a5 39.Re2 g5 40.fxg5+ Kxg5 41.Bb7  1-0

[Event "Vilnius zt"]
[Site "Vilnius"]
[Date "1975.??.??"]
[Round "13"]
[White "Bronstein, David I"]
[Black "Taimanov, Mark E"]
[Result "1/2-1/2"]
[WhiteElo "2590"]
[BlackElo "2580"]

1.e4 c5 2.Nf3 e6 3.d4 cxd4 4.Nxd4 Nc6 5.Nc3 a6 6.Be2 Qc7 7.O-O Nf6 8.Be3 Bb4
9.Nxc6 bxc6 10.Qd4 c5 11.Qc4 Bb7 12.Bf3 d6 13.e5 d5 14.Qf4 Nd7 15.Na4 Nxe5
16.a3 Nxf3+ 17.Qxf3 Ba5 18.Nxc5 Bb6 19.Nxb7 Qxb7 20.c4 Bxe3 21.fxe3 O-O 22.b4 a5
23.b5 Rab8 24.cxd5 Qxb5 25.dxe6 fxe6  1/2-1/2

[Event "Vilnius zt"]
[Site "Vilnius"]
[Date "1975.??.??"]
[Round "15"]
[White "Gufeld, Eduard"]
[Black "Taimanov, Mark E"]
[Result "1/2-1/2"]
[WhiteElo "2535"]
[BlackElo "2580"]

1.e4 c5 2.Nf3 Nc6 3.d4 cxd4 4.Nxd4 e6 5.Nc3 a6 6.Be2 Nge7 7.f4 Nxd4 8.Qxd4 b5
9.O-O Bb7 10.f5 Nc6 11.Qf2 Qf6 12.Qg3 Nd4 13.Bg5 Nxe2+ 14.Nxe2 Bd6 15.Bxf6 Bxg3
16.Bxg7 Rg8 17.Nxg3 Rxg7 18.Rf4 e5 19.Rf2 Rg4 20.Re1 f6 21.Rfe2 Ke7 22.Nf1 Rc8
23.c3 a5 24.h3 Rgg8 25.Kf2 b4 26.cxb4 axb4 27.Rd2 Rc4 28.Kf3 h5 29.g3 Rg5
30.g4 d5 31.Ne3 hxg4+ 32.hxg4 Rxe4 33.Nxd5+ Bxd5 34.Rxe4 Bxe4+ 35.Kxe4 Rxg4+
36.Kd5 Rf4 37.Rh2 Rxf5 38.Rh7+ Kf8 39.Rb7 Rf4 40.Kc5 f5 41.Rxb4 Rxb4 42.Kxb4 f4
43.Kc3 f3 44.Kd2 Ke7 45.a4 Kd6 46.a5 Kc6 47.b4 Kb5 48.Ke3 e4 49.Kf2 Ka6 50.Ke3 Kb5
51.Kf2 Ka6 52.Ke3 Kb5  1/2-1/2

[Event "Hoogovens-B"]
[Site "Wijk aan Zee"]
[Date "1975.??.??"]
[Round "3"]
[White "Ligterink, Gert"]
[Black "Schmidt, Wlodzimierz"]
[Result "0-1"]
[WhiteElo "2365"]
[BlackElo "2465"]

1.e4 c5 2.Nf3 e6 3.d4 cxd4 4.Nxd4 Nc6 5.Nc3 a6 6.Be2 d6 7.O-O Nf6 8.Be3 Be7
9.f4 O-O 10.Qe1 Bd7 11.Rd1 Qc7 12.Qg3 Nxd4 13.Bxd4 Bc6 14.Bd3 Rad8 15.e5 dxe5
16.Bxe5 Qb6+ 17.Kh1 Nh5 18.Qh3 g6 19.f5 exf5 20.Rxf5 Bd7 21.Nd5 Qc5 22.c4 Bxf5
23.Bxf5 Bg5 24.Qg4 Rde8 25.Bc3 Bd8 26.Bd7 f5 27.Qf3 Qxc4 28.Bb4 Nf6 29.Nxf6+ Bxf6
30.Bxf8 Rxf8 31.Qxb7 Qxa2 32.b3 Qe2 33.Qd5+ Kg7 34.Qd3 Qxd3 35.Rxd3 Rd8 36.Rd5 Kf7
37.Bc6 Rc8 38.Rc5 Ke7 39.Rc4 Be5 40.g3 Rc7 41.Bd5 Rd7 42.Bf3 Rd3 43.Bb7 Rxb3
44.Bxa6 Rb1+ 45.Kg2 Rb2+ 46.Kh1 h5 47.Bc8 Rd2 48.Rc6 Bd6 49.Rc4 Kf6 50.Rh4 Be5
51.Bb7 Bd4 52.Rf4 Rd1+ 53.Kg2 Rg1+ 54.Kf3 Ke5 55.Ke2 Rb1 56.Bc6 Rb2+ 57.Kd3 Rb3+
58.Ke2 Rb2+ 59.Kd3 Bg1 60.Be8 g5 61.Rf1 Bxh2 62.Bg6 Kf6 63.Bxf5 Bxg3 64.Bg4+ Kg6
65.Bf5+ Kg7 66.Rc1 Kf6 67.Bc8 Bd6 68.Re1 Be5 69.Rf1+ Bf4 70.Ra1 Rb3+ 71.Kc4 Rb6
72.Ra6 Rxa6 73.Bxa6 Kf5  0-1

[Event "Hoogovens-B"]
[Site "Wijk aan Zee"]
[Date "1975.??.??"]
[Round "5"]
[White "Sigurjonsson, Gudmundur"]
[Black "Schmidt, Wlodzimierz"]
[Result "1/2-1/2"]
[WhiteElo "2475"]
[BlackElo "2465"]

1.e4 c5 2.Nf3 e6 3.d4 cxd4 4.Nxd4 Nc6 5.Nc3 a6 6.g3 d6 7.Bg2 Bd7 8.O-O Nf6
9.Be3 Be7 10.f4 O-O 11.Nb3 b5 12.a3 Rb8 13.g4 Be8 14.g5 Nd7 15.h4 Nb6 16.f5 Nc4
17.Bc1 N4e5 18.Ne2 Bd7 19.Nbd4 Nxd4 20.Nxd4 Re8 21.Kh1 Rc8  1/2-1/2

[Event "Hoogovens-B"]
[Site "Wijk aan Zee"]
[Date "1975.??.??"]
[Round "6"]
[White "Sznapik, Aleksander"]
[Black "Ligterink, Gert"]
[Result "0-1"]
[WhiteElo "2330"]
[BlackElo "2365"]

1.e4 c5 2.Nf3 e6 3.d4 cxd4 4.Nxd4 Nc6 5.Nc3 d6 6.g3 Nxd4 7.Qxd4 Ne7 8.Bg2 Nc6
9.Qd2 Be7 10.b3 O-O 11.Bb2 Qa5 12.O-O Rd8 13.Rfd1 b5 14.Qe3 Bb7 15.a4 b4
16.Nb5 Rac8 17.c4 e5 18.Rd5 Qb6 19.Qxb6 axb6 20.Rad1 Na5 21.R5d3 Ba6 22.Bh3 Bxb5
23.Bxc8 Bc6 24.Bh3 Bxe4 25.Re3 Bc2 26.Rd5 Nxb3 27.f4 f6 28.Be6+ Kf8 29.Re2 Bg6
30.Rb5 Nc5 31.Bd5 b3 32.Rxb6 Bc2 33.Ba3 Nxa4 34.Rb7 Nc3 35.Re3 Nxd5 36.cxd5 Ra8
37.Rc3 Rxa3 38.Rc8+ Kf7 39.Rcc7 Ra1+ 40.Kf2 Ra2 41.Rxe7+ Kg6 42.Rxg7+ Kh5
43.Rgf7 Bg6+ 44.Kf3 Bxf7 45.Rxf7 Ra5 46.Rb7 Rxd5 47.Rxb3 Kg6 48.h3 h5 49.Rb8 Rd3+
50.Ke4 Rd4+ 51.Ke3 d5 52.Rg8+ Kh7 53.fxe5  0-1

[Event "Hoogovens-B"]
[Site "Wijk aan Zee"]
[Date "1975.??.??"]
[Round "12"]
[White "Weinstein, Norman"]
[Black "Schmidt, Wlodzimierz"]
[Result "1/2-1/2"]
[WhiteElo "2465"]
[BlackElo "2465"]

1.e4 c5 2.Nf3 e6 3.d4 cxd4 4.Nxd4 Nc6 5.Nc3 a6 6.Nxc6 bxc6 7.e5 Qc7 8.f4 d5
9.exd6 Bxd6 10.Ne4 Be7 11.Bd3 Nf6 12.O-O c5 13.Qe2 Bb7 14.Rb1 O-O 15.Bd2 Nxe4
16.Bxe4 Bf6 17.Bxb7 Qxb7 18.Be3 Qe4 19.Qd3 Qxd3 20.cxd3 Rfd8  1/2-1/2